Opinion of the professor JUDr. Imrich Karvaš on the economic crisis and its recency for Slovakia

Bibliografia profesora JUDr. Imricha Karvaša. Jeho názory na ekonomickú krízu a aktuálnosť pre Slovensko.

Salvato in:
Dettagli Bibliografici
Autore principale: Poláčková, Hana, 1968-
Altri autori: Valach, Matej
Natura: Capitolo di libro
Lingua:inglese
Soggetti:
Tags: Aggiungi Tag
Nessun Tag, puoi essere il primo ad aggiungerne!!

MARC

LEADER 00000naa a2200000 4500
001 0193823
005 20240502073239.0
041 0 |a eng 
044 |a SK 
245 1 0 |a Opinion of the professor JUDr. Imrich Karvaš on the economic crisis and its recency for Slovakia  |c Hana Poláčková, Matej Valach 
520 |a Bibliografia profesora JUDr. Imricha Karvaša. Jeho názory na ekonomickú krízu a aktuálnosť pre Slovensko. 
610 2 0 |a Slovensko 
610 2 0 |a kríza hospodárska 
610 2 0 |a reformy hospodárske 
610 2 0 |a teórie ekonomické 
610 2 0 |a cykly hospodárske 
610 2 0 |a Karvaš, I. 
100 1 |a Poláčková, Hana, 1968- 
700 1 |a Valach, Matej